[Event "ISR-chT 2019"]
[Site "Israel"]
[Date "2019.05.05"]
[Round "11.1"]
[White "Veinberg, Nimrod"]
[Black "Soffer, Ram"]
[Result "0-1"]
[WhiteElo "2401"]
[BlackElo "2487"]
[Annotator "TA"]
[PlyCount "76"]
[EventDate "2019.01.04"]
[EventType "team-tourn"]
[EventCountry "ISR"]
[SourceTitle "playchess.com"]
[Source "ChessBase"]
[SourceQuality "1"]

{[%evp 9,76,15,39,26,20,0,33,21,16,8,10,-59,-61,-66,-12,-77,-24,0,-10,-10,-14,-35,0,0,0,0,0,0,0,-94,-6,-40,-41,-34,-3,-13,0,0,0,0,0,-37,-30,-58,-57,-62,-17,-16,-18,-18,-18,-23,-18,-83,-85,-266,-285,-278,-178,-441,-434,-456,-447,-428,-424,-584,-517,-1108,-1089]} 1. d4 Nf6 2. c4 e6 3. Nc3 Bb4 4. Qc2 b6 5. e4 c5 6. d5 {E32: Nimzo-Indian: Classical (4 Qc2): 4...0-0} Qe7 (6... exd5 7. exd5 Qe7+ 8. Nge2 O-O 9. Bd2 d6 10. O-O-O Ng4 11. Be1 Nd7 12. Ng3 Ndf6 13. h3 Ne5 {1-0 (35) Zhou,J (2597)-Wei,Y (2743) Shenzhen 2017}) 7. Be2 exd5 8. exd5 {White is slightly better.} O-O 9. Be3 d6 10. a3 $146 (10. Nf3 $11) ({Predecessor:} 10. h3 b5 11. O-O-O bxc4 12. Bxc4 Bxc3 13. Qxc3 Nbd7 {½-½ (53) Krassowizkij,J (2438)-Banusz,T (2612) Austria 2017}) 10... Bxc3+ $15 11. Qxc3 b5 (11... Re8 $15) 12. Bg5 {[#]} (12. Nf3 $11) 12... bxc4 (12... Nbd7 $1 $17 13. O-O-O h6 14. Bxf6 Nxf6) 13. Bxf6 $11 Qxf6 14. Qxf6 gxf6 15. Bxc4 Re8+ 16. Kd2 Nd7 17. Ne2 Rb8 {aiming for ...Ne5.} 18. b3 Ne5 19. Ra2 (19. Ng3 $1 $11) 19... Bf5 (19... Nxc4+ $17 20. bxc4 Re4) 20. Nc3 Nxc4+ 21. bxc4 Rb3 22. g4 Bg6 ({But not} 22... Bxg4 $2 23. Rg1 $18) 23. f4 {Strongly threatening f5.} f5 $1 {[%cal Rf5g4]} 24. g5 Bh5 25. Rf1 Kg7 26. Rf2 a6 $36 {[%mdl 2048] White is under pressure.} 27. Rf1 f6 28. Rg1 Bg4 29. gxf6+ Kxf6 30. Rg3 h5 31. Rg1 (31. h4 $11 {remains equal.}) 31... h4 $17 32. h3 $2 (32. Rf1 $17) 32... Bf3 $19 ({Less strong is} 32... Bxh3 33. Rh1 $17) 33. Rc2 Rbb8 ({Not} 33... Rxa3 34. Rb2 $11) 34. Rf1 $2 (34. Re1) 34... Be4 {Black is clearly winning.} 35. Ra2 Rg8 36. Re1 Rb3 37. Re3 Rg2+ 38. Kc1 {[#]} (38. Ne2 $142 Rxe3 39. Kxe3) 38... Rxc3+ $1 {[%mdl 576] Remove Defender. Accuracy: White = 27%, Black = 47%.} 0-1

[Event "ISR-chT 2019"]
[Site "Israel"]
[Date "2019.05.05"]
[Round "11.2"]
[White "Shvidler, Eliahu"]
[Black "Parkhov, Yair"]
[Result "1/2-1/2"]
[WhiteElo "2336"]
[BlackElo "2351"]
[Annotator "ChessBase"]
[PlyCount "36"]
[EventDate "2019.01.04"]
[EventType "team-tourn"]
[EventCountry "ISR"]
[SourceTitle "playchess.com"]
[Source "ChessBase"]
[SourceQuality "1"]
[TimeControl "40/5400+30:1800+30"]

1. Nf3 {[%emt 0:02:05]} c5 {[%emt 0:02:37]} 2. g3 {[%emt 0:03:07]} Nc6 {[%emt 0:01:37]} 3. d4 {[%emt 0:00:12]} cxd4 {[%emt 0:02:54]} 4. Nxd4 {[%emt 0:00:38]} g6 {[%emt 0:00:37]} 5. Bg2 {[%emt 0:00:19]} Bg7 {[%emt 0:00:13]} 6. Nxc6 {[%emt 0:00:21]} bxc6 {[%emt 0:01:18]} 7. O-O {[%emt 0:00:42]} Rb8 {[%emt 0:02:53]} 8. Nd2 {[%emt 0:01:12]} Nf6 {[%emt 0:02:01]} 9. Nb3 {[%emt 0:03:35]} Qc7 {[%emt 0:06:15]} 10. Bd2 {[%emt 0:03:58]} d6 {[%emt 0:11:56]} 11. Ba5 {[%emt 0:00:49]} Qb7 {[%emt 0:03:43]} 12. Bc3 {[%emt 0:01:26]} Qc7 {[%emt 0:04:23]} 13. Ba5 {[%emt 0:16:14]} Qb7 {[%emt 0:00:06]} 14. Bc3 {[%emt 0:00:09]} Qa6 {[%emt 0:07:54]} 15. e4 {[%emt 0:02:04]} Bg4 {[%emt 0:04:28]} 16. Qd2 {[%emt 0:04:45]} O-O {[%emt 0:09:21]} 17. h3 {[%emt 0:09:24]} Be6 {[%emt 0:01:06]} 18. Rfe1 {[%emt 0:01:15]} c5 {[%emt 0:11:29]} 1/2-1/2

[Event "ISR-chT 2019"]
[Site "Israel"]
[Date "2019.05.05"]
[Round "11.4"]
[White "Aharonovich, Itamar"]
[Black "Psakhis, Lev"]
[Result "0-1"]
[WhiteElo "2239"]
[BlackElo "2461"]
[Annotator "TA"]
[PlyCount "62"]
[EventDate "2019.01.04"]
[EventType "team-tourn"]
[EventCountry "ISR"]
[SourceTitle "playchess.com"]
[Source "ChessBase"]
[SourceQuality "1"]

{[%evp 18,62,37,24,30,16,31,0,0,0,0,-52,-45,-57,-32,-37,-37,-81,-58,-83,-52,-94,-94,-98,-37,-73,-51,-58,-57,-183,-189,-255,-233,-255,-176,-200,-211,-630,-519,-772,-775,-831,-815,-908,-911,-1987,-1497]} 1. d4 e6 2. c4 Nf6 3. Nc3 Bb4 4. e3 c5 5. Bd3 Nc6 6. Nf3 Bxc3+ 7. bxc3 d6 8. O-O e5 9. d5 Ne7 10. Qc2 h6 {E41: Nimzo-Indian: Rubinstein: 4...c5 5 Bd3, including Hübner Variation} (10... O-O 11. Nd2 h6 12. f4 exf4 13. exf4 g6 14. h3 Nf5 15. Nf3 h5 16. Bd2 Re8 17. Rfe1 Bd7 18. Nh2 Rxe1+ 19. Rxe1 Qf8 {1-0 (36) Naiditsch,A (2712)-Mchedlishvili,M (2659) Istanbul 2012}) 11. Nd2 Qc7 12. f4 exf4 {The position is equal.} 13. exf4 g6 $146 ({Predecessor:} 13... O-O 14. Nf3 b5 15. cxb5 c4 16. Be2 Nexd5 17. Nd4 {1-0 (47) Nakhbayeva,G (2024)-Aligozhin,Z (2360) Pavlodar 2007}) 14. Nf3 ({Better is} 14. Ne4 $11 Nxe4 15. Bxe4) 14... Bf5 $1 $15 15. h3 Bxd3 16. Qxd3 O-O-O 17. Nh4 Qd7 18. g4 Qa4 19. Bd2 Kb8 20. Ng2 h5 (20... Nc8 $17 21. Be1 Rde8) 21. Rae1 Qd7 22. f5 $1 {[#] aiming for Bg5.} hxg4 23. Bg5 (23. fxg6 $1 $15 Rxh3 24. Re3 Nxg6 25. Rxf6) 23... gxh3 $19 ({Inferior is} 23... Rxh3 24. Qc2 $11) 24. Nf4 (24. Bxf6 {was necessary.} hxg2 25. Kxg2) 24... Neg8 ({Avoid the trap} 24... Qxf5 $2 25. Qxf5 h2+ 26. Kf2 $18) 25. Nxh3 Rc8 26. Rf3 gxf5 27. Ref1 $2 {[#]} (27. Qxf5 Qxf5 28. Rxf5) 27... Ng4 {Black is clearly winning.} 28. Rxf5 f6 29. Qg3 fxg5 30. Rf7 Ne7 31. Qe1 Rxh3 {Played: Ng4-e5} 0-1

[Event "ISR-chT 2019"]
[Site "Israel"]
[Date "2019.05.05"]
[Round "11.5"]
[White "Kunin, Pavel"]
[Black "Kreizberg, Michael"]
[Result "1/2-1/2"]
[WhiteElo "2262"]
[BlackElo "2312"]
[Annotator "TA"]
[PlyCount "46"]
[EventDate "2019.01.04"]
[EventType "team-tourn"]
[EventCountry "ISR"]
[SourceTitle "playchess.com"]
[Source "ChessBase"]
[SourceQuality "1"]

{[%evp 9,46,33,38,18,14,20,10,13,35,32,26,0,30,0,10,17,19,0,0,3,12,-2,-4,-10,14,15,36,28,31,13,36,36,36,36,36,36,36,33,43]} 1. d4 d5 2. c4 c6 3. Nf3 Nf6 4. e3 Bf5 5. Nc3 a6 6. Be2 {D15: Slav Defence: 4 Nc3 a6 and gambit lines after 4 Nc3 dxc4} (6. Qb3 Ra7 7. Nh4 Bc8 8. Bd2 e6 9. c5 Nbd7 10. Nf3 e5 11. Nxe5 Nxe5 12. dxe5 Nd7 13. Na4 Bxc5 14. Nxc5 Nxc5 {0-1 (84) Radjabov,T (2757)-Fedoseev,V (2724) Wijk aan Zee 2019}) 6... h6 7. O-O e6 8. c5 {The position is equal.} Nbd7 9. b4 Be7 10. Bb2 O-O 11. Bd3 $146 ({Predecessor:} 11. Ne1 Qb8 12. Bd3 b6 13. Bxf5 exf5 {½-½ (51) Werle,J (2551)-Hansen,S (2561) Germany 2007}) 11... Qc7 12. Bxf5 exf5 13. Qd3 g6 14. a4 b6 {[%cal Bb7b6,Bb6b5][%mdl 32]} 15. Ba3 Ne4 16. Rfc1 b5 (16... Rfb8 {with more complications.} 17. Qc2 bxc5 18. bxc5 Ra7 19. Rcb1 Rab7) 17. Bb2 Nxc3 18. Bxc3 Rfe8 19. Ra2 Bf8 20. Rca1 {Hoping for axb5.White is slightly better.} Rab8 21. axb5 axb5 22. Ra6 Bg7 23. g3 Bf6 {Accuracy: White = 42%, Black = 35%.} 1/2-1/2

[Event "ISR-chT 2019"]
[Site "Israel"]
[Date "2019.05.05"]
[Round "11.6"]
[White "Gershkowich, David"]
[Black "Mikhalevski, Alexander"]
[Result "1/2-1/2"]
[WhiteElo "2231"]
[BlackElo "2425"]
[Annotator "TA"]
[PlyCount "36"]
[EventDate "2019.01.04"]
[EventType "team-tourn"]
[EventCountry "ISR"]
[SourceTitle "playchess.com"]
[Source "ChessBase"]
[SourceQuality "1"]

{[%evp 20,36,24,24,28,23,27,0,0,-23,0,-22,-11,-27,5,12,12,16,66]} 1. d4 d5 2. c4 e6 3. Nc3 Be7 4. Nf3 Nf6 5. Bg5 O-O 6. e3 b6 7. Rc1 Bb7 8. cxd5 exd5 9. Bd3 Nbd7 10. O-O Ne4 11. Bf4 Nxc3 {D55: Queen's Gambit Declined: 4 Bg5 Be7: Lines without ...h6 and 6...h6 7 Bxf6} (11... c5 12. dxc5 Ndxc5 13. Be2 {½-½ (13) Gonzalez Perez,A (2567)-Munoz Pantoja,M (2559) Barcelona 2014}) 12. Rxc3 c5 13. dxc5 bxc5 14. Bb1 Nf6 15. Qb3 $146 ({Predecessor:} 15. Qa4 d4 16. exd4 Nd5 17. Rb3 Nb6 18. Qb5 Bd5 19. Qd3 g6 {0-1 (57) Rau,H (2388)-Krivokapic,M (2312) Balatonlelle 2003}) 15... Qb6 16. Rd1 Qxb3 17. Rxb3 Bc6 18. Rc3 Nh5 1/2-1/2

[Event "ISR-chT 2019"]
[Site "Israel"]
[Date "2019.05.05"]
[Round "11.7"]
[White "Khmelniker, Ilya"]
[Black "Nabaty, Tamir"]
[Result "0-1"]
[WhiteElo "2483"]
[BlackElo "2678"]
[Annotator "TA"]
[PlyCount "65"]
[EventDate "2019.01.04"]
[EventType "team-tourn"]
[EventCountry "ISR"]
[SourceTitle "playchess.com"]
[Source "ChessBase"]
[SourceQuality "1"]

{[%evp 9,65,-14,-16,-47,-51,-56,-62,-69,-58,-63,-20,-66,-37,-77,-45,-45,-44,-56,-45,-50,-44,-44,-37,-45,-47,-103,-102,-153,-155,-159,-146,-170,-165,-189,-174,-183,-160,-164,-158,-179,-125,-184,-177,-197,-192,-185,-149,-112,-175,-836,-822,-805,-794,-904,-861,-954,-954,-835]} 1. c4 Nf6 2. Nc3 b6 3. d4 Bb7 4. d5 e6 5. g3 (5. a3 exd5 6. cxd5 Bd6 7. Nf3 O-O 8. g3 Na6 9. Bg2 Nc5 10. b4 Nce4 11. Nxe4 Nxe4 12. Bb2 Qe7 13. O-O f5 14. Qd3 a5 {½-½ (14) Zhigalko,S (2620)-Kovalev,V (2639) Orsha 2018}) 5... Bb4 6. Bg2 {A50: Queen's Fianchetto Defence (1 d4 Nf6 2 c4 b6)} Bxc3+ 7. bxc3 O-O 8. Nh3 {Black is slightly better.} d6 9. O-O Qe7 $146 ({Predecessor:} 9... e5 10. e4 Ba6 11. Qd3 Nbd7 {0-1 (43) Bekker Jensen,S (2393)-Berg,K (2399) Aalborg 2006}) 10. f4 Nbd7 11. Nf2 Nc5 12. Ba3 exd5 13. cxd5 Qe3 14. Bxc5 $1 dxc5 15. c4 Rfe8 16. Bf3 Ne4 $1 17. Qd3 (17. Bxe4 $15 Rxe4 18. Qb3) 17... Nd2 18. Rfd1 (18. Rfc1 $142) 18... Qxd3 $17 19. Nxd3 Nxc4 20. e4 {[#]} f5 $1 {[%mdl 512]} 21. exf5 Rad8 22. Re1 Rxe1+ 23. Rxe1 Nd2 24. Bh5 c4 ({Black should play} 24... Bxd5 $19 25. Ne5 a5) 25. Nb4 {[#]} (25. Rd1 $17) 25... a5 $1 $19 {[%cal Ra5b4]} 26. Nc6 Bxc6 $1 27. dxc6 {[%mdl 4096] Endgame KRB-KRN} b5 28. Re7 c3 {Strongly threatening ...c2.} 29. Rd7 $2 {[#]} (29. Bd1 Kf8 30. Rxc7) 29... Re8 $1 {[%mdl 576] Promotion. Black is clearly winning.} 30. Bxe8 c2 31. Bf7+ Kf8 32. Be6 c1=Q+ {[%mdl 64] Double Attack} 33. Kf2 {Accuracy: White = 45%, Black = 71%.} 0-1

[Event "ISR-chT 2019"]
[Site "Israel"]
[Date "2019.05.05"]
[Round "11.8"]
[White "Grinberg, Eyal"]
[Black "Dvoirys, Semen I."]
[Result "0-1"]
[WhiteElo "2474"]
[BlackElo "2502"]
[Annotator "TA"]
[PlyCount "114"]
[EventDate "2019.01.04"]
[EventType "team-tourn"]
[EventCountry "ISR"]
[SourceTitle "playchess.com"]
[Source "ChessBase"]
[SourceQuality "1"]

{[%evp 13,114,21,15,14,32,23,16,25,30,17,20,0,-1,-15,-27,-23,-24,-12,-9,-9,-13,-14,0,0,0,0,0,0,0,0,0,0,15,5,2,0,0,0,15,-16,-12,-8,0,-5,0,-12,0,0,-3,-10,0,-13,-16,-22,-20,-124,-129,-126,-137,-141,-119,-140,-101,-96,-96,-362,-385,-404,-398,-512,-497,-494,-422,-416,-320,-308,-150,-247,-61,-61,-52,-179,-170,-196,-210,-254,-248,-254,-253,-221,-225,-264,-276,-297,-286,-1069,-1028,-29966,-29966,-29966,-29967,-29968,-10194]} 1. e4 c5 2. Nf3 d6 3. d4 cxd4 4. Nxd4 Nf6 5. Nc3 a6 6. Be2 e5 7. Nb3 Be7 8. Qd3 {B92: Sicilian Najdorf: 6 Be2} (8. O-O O-O 9. Qd3 Be6 10. Bd2 Nbd7 11. Nd5 Bxd5 12. exd5 a5 13. a4 g6 14. Be3 Ne8 15. Nd2 Bg5 16. Nc4 Bxe3 17. Qxe3 f5 {0-1 (93) Nepomniachtchi,I (2763)-Salem,A (2660) St Petersburg 2018}) 8... Nbd7 9. O-O b5 {[%cal Bb7b5,Bb5b4][%mdl 32]} 10. a4 {The position is equal.} b4 $1 {[%cal Rb4c3]} 11. Nd5 Nxd5 $146 ({Predecessor:} 11... Bb7 12. Bd2 Nxd5 13. exd5 a5 14. c3 O-O 15. cxb4 axb4 16. Bxb4 Nf6 17. Rfc1 Nxd5 18. Bd2 Nf6 19. Bc3 Qd7 20. a5 {½-½ (20) Ristic,Z (2200)-Gerzina,M (2410) Yugoslavia 2000}) 12. exd5 a5 13. Qg3 O-O 14. c3 bxc3 15. bxc3 Nb6 16. Bb5 Nxd5 17. Bc6 Nf4 (17... Bh4 $6 18. Qf3 $16) 18. Bxf4 exf4 19. Qxf4 Rb8 20. Bb5 Bf6 21. Nd4 {With the idea Nc6.} Bb7 22. Rad1 Qc7 23. c4 Be5 24. Qf5 Qc5 25. Qd3 $1 Rbd8 26. f4 Bf6 $40 {[%mdl 128] Black has some attack.} 27. Kh1 d5 28. Nb3 Qc7 29. c5 d4 30. Rc1 Bd5 31. Nd2 Be7 32. Rc2 h6 (32... Bxc5 $2 33. Rfc1 $18) 33. Nb3 Bf6 34. c6 (34. Nc1 $11) 34... Rfe8 $17 35. Nc5 {Hoping for Na6.} Re3 $1 {[%cal Re3d3]} 36. Qd2 Rc3 $1 (36... Bxc6 37. Nd3 $16) 37. Na6 Qd6 38. c7 Rc8 39. Rxc3 $4 {[%mdl 8192]} (39. Bd3 $17) 39... dxc3 $19 40. Qd3 {[#] White wants to play Bc4.} Bd4 $1 {[%mdl 512]} 41. Rd1 (41. Qxd4 Bxg2+) 41... Qxf4 42. Rf1 ({Don't blunder} 42. Qxd4 $2 Qxd4 43. Rxd4 c2) 42... Qg4 {[%csl Gg4][%cal Rd5g2]} 43. Qg3 Qxg3 44. hxg3 {If White can now play Bd7 this consolidates a bit.} c2 (44... Be6 $19 {has better winning chances.} 45. Bd3 g6) 45. Bd7 (45. Bd3 $17 {was the only defense.} Bb7 46. Rc1) 45... Rxc7 $2 ({Less strong is} 45... Bc4 46. Rc1 $17) (45... Rf8 $1 $19 {And now ...Bc4! would win.} 46. c8=Q Rxc8 47. Bxc8 Be3) 46. Nxc7 $15 Be4 {White must now prevent ...Bb2.} 47. Be8 (47. Nd5 $1 $15) 47... f6 $1 $19 48. Nb5 Bb2 $1 49. Nd6 Bd3 $1 {[%cal Rd3f1]} ({Don't take} 49... Bd5 50. Bb5 $17) 50. Re1 c1=Q 51. Rxc1 Bxc1 52. Bb5 {[#]} Bxb5 $1 53. axb5 {[#] KB-KN} a4 $1 {[%cal Ba5a4,Ba4a3,Ba3a2][%mdl 32] Threatens to win with ...a3.} 54. Nf5 $2 (54. b6 Ba3 55. Nb5) 54... a3 {Strongly threatening ...a2.} 55. b6 a2 {Black mates.} 56. b7 {[#]} Bf4 $1 {[%mdl 512]} 57. Ne7+ (57. gxf4 a1=Q+) 57... Kh7 {Accuracy: White = 38%, Black = 60%.} 0-1

[Event "ISR-chT 2019"]
[Site "Israel"]
[Date "2019.05.05"]
[Round "11.9"]
[White "Shvayger, Yuliya"]
[Black "Givon, Asaf"]
[Result "0-1"]
[WhiteElo "2373"]
[BlackElo "2474"]
[Annotator "RC"]
[PlyCount "118"]
[EventDate "2019.01.04"]
[EventType "team-tourn"]
[EventCountry "ISR"]
[SourceTitle "playchess.com"]
[Source "ChessBase"]
[SourceQuality "1"]
[TimeControl "40/5400+30:1800+30"]

1. e4 {[%emt 0:21:55]} c5 {[%emt 0:00:36]} 2. Nf3 {[%emt 0:00:03]} g6 {[%emt 0:02:35]} 3. c3 {[%emt 0:00:09]} Bg7 {[%emt 0:00:10]} 4. d4 {[%emt 0:00:11]} cxd4 {[%emt 0:00:17]} 5. cxd4 {[%emt 0:00:02]} d5 {[%emt 0:00:07]} 6. e5 {[%emt 0:00:05]} Nc6 {[%emt 0:00:21]} 7. Bb5 {[%emt 0:01:30]} Bg4 {[%emt 0:05:09]} 8. Nbd2 {[%emt 0:03:18]} Qb6 {[%emt 0:07:40]} 9. Bxc6+ {[%emt 0:01:19]} Qxc6 {[%emt 0:00:59]} 10. O-O {[%emt 0:03:00]} Nh6 {[%emt 0:02:28]} 11. h3 {[%emt 0:00:47]} Bd7 {[%emt 0:03:30]} 12. Nb1 {[%emt 0:01:14]} O-O {[%emt 0:03:02]} 13. Nc3 {[%emt 0:00:14]} f6 {[%emt 0:28:58]} 14. Qb3 {[%emt 0:03:42]} Be6 {[%emt 0:00:09]} 15. Re1 {[%emt 0:00:06]} Nf7 {[%emt 0:01:12]} 16. exf6 {[%emt 0:03:54]} exf6 {[%emt 0:00:37]} 17. Bf4 {[%emt 0:00:09]} g5 {[%emt 0:01:18]} 18. Bh2 {[%emt 0:01:08]} Rfc8 {[%emt 0:08:23]} 19. Re2 {[%emt 0:06:05]} Qd7 {[%emt 0:01:02]} 20. Rae1 {[%emt 0:03:37]} Rc6 {[%emt 0:00:06]} 21. Qa4 {[%emt 0:04:11]} Nd8 {[%emt 0:01:04]} 22. Qb5 {[%emt 0:04:04]} Bf8 {[%emt 0:08:41]} 23. a4 {[%emt 0:13:29]} a6 {[%emt 0:03:20]} 24. Qb3 {[%emt 0:00:23]} Rc4 {[%emt 0:01:04]} 25. Qb6 {[%emt 0:03:45]} Rc6 {[%emt 0:01:04]} 26. Qb3 {[%emt 0:00:03]} Rc4 {[%emt 0:01:55]} 27. Qb6 {[%emt 0:00:20]} Rb4 {[%emt 0:02:57]} 28. Qc7 {[%emt 0:00:14]} Qxc7 {[%emt 0:00:31]} 29. Bxc7 {[%emt 0:00:07]} Bf7 {[%emt 0:00:29]} 30. a5 {[%emt 0:04:00]} Nc6 {[%emt 0:01:01]} 31. Bb6 {[%emt 0:00:06]} Rc8 {[%emt 0:03:20]} 32. Ra1 {[%emt 0:03:59]} Nb8 {[%emt 0:03:37]} 33. Na4 {[%emt 0:06:17]} Nd7 {[%emt 0:03:36]} 34. Ba7 {[%emt 0:00:02]} Bg6 {[%emt 0:01:26]} 35. Nb6 {[%emt 0:04:23]} Nxb6 {[%emt 0:00:24]} 36. Bxb6 {[%emt 0:00:02]} Rc2 {[%emt 0:01:52]} 37. Rxc2 {[%emt 0:02:30]} Bxc2 {[%emt 0:00:06]} 38. Nh2 {[%emt 0:02:50]} Rxb2 {[%emt 0:03:21]} 39. Ng4 {[%emt 0:00:08]} Kf7 {[%emt 0:00:21]} 40. Ne3 {[%emt 0:02:59]} Ke6 {[%emt 0:00:39]} 41. Re1 {[%emt 0:10:11]} Bd3 {[%emt 0:05:52]} 42. Nd1+ {[%emt 0:13:16]} Re2 {[%emt 0:00:08]} 43. Rxe2+ {[%emt 0:00:03]} Bxe2 {[%emt 0:00:06]} 44. Nc3 {[%emt 0:01:13]} Bb5 {[%emt 0:01:30]} 45. Nxb5 {[%emt 0:07:09]} axb5 {[%emt 0:00:10]} 46. Kf1 {[%emt 0:00:01]} f5 {[%emt 0:08:23]} 47. g4 {[%emt 0:01:38]} fxg4 {[%emt 0:05:05]} 48. hxg4 {[%emt 0:00:01]} b4 {[%emt 0:00:15]} 49. Ke2 {[%emt 0:00:05]} b3 {[%emt 0:00:12]} 50. Kd3 {[%emt 0:00:47]} Bb4 {[%emt 0:00:07]} 51. Bd8 {[%emt 0:01:39]} h6 {[%emt 0:00:17]} 52. f3 {[%emt 0:00:05]} Kd7 {[%emt 0:09:29]} 53. Bf6 {[%emt 0:00:06]} Kc6 {[%emt 0:00:23]} 54. Bg7 {[%emt 0:00:07]} Kb5 {[%emt 0:00:01]} 55. Bxh6 {[%emt 0:00:07]} Ka4 {[%emt 0:00:01]} 56. Bxg5 {[%emt 0:00:08]} Ka3 {[%emt 0:00:05]} 57. Bc1+ {[%emt 0:00:35]} Ka2 {[%emt 0:00:26]} 58. g5 {[%emt 0:00:57]} Ba3 {[%emt 0:00:07]} 59. g6 {[%emt 0:01:11]} Bxc1 {[%emt 0:00:05]} 0-1

[Event "ISR-chT 2019"]
[Site "Israel"]
[Date "2019.05.05"]
[Round "11.10"]
[White "Rozentalis, Eduardas"]
[Black "Klenburg, Michael"]
[Result "1-0"]
[WhiteElo "2543"]
[BlackElo "2357"]
[Annotator "TA"]
[PlyCount "61"]
[EventDate "2019.01.04"]
[EventType "team-tourn"]
[EventCountry "ISR"]
[SourceTitle "playchess.com"]
[Source "ChessBase"]
[SourceQuality "1"]

{[%evp 18,61,41,2,58,27,47,24,53,26,11,7,4,0,11,0,0,0,7,0,0,0,0,-41,0,-35,-19,-16,102,72,265,255,272,247,199,159,400,400,402,236,565,560,704,474,1035,1047]} 1. e4 d6 2. d4 Nf6 3. Nc3 g6 4. Nf3 Bg7 5. Be2 O-O 6. O-O c6 7. a4 Qc7 8. h3 Nbd7 9. Be3 e5 10. Re1 b6 {B08: Pirc Defence: Classical System} ({Better is} 10... exd4 $11 11. Bxd4 (11. Nxd4 Re8 $11) (11. Qxd4 Ng4 $15) 11... Re8) (10... exd4 11. Bxd4 Ne5 12. a5 Nfd7 13. Qd2 Re8 14. Red1 Nf8 15. Be3 Nxf3+ 16. Bxf3 Be5 17. Be2 Qe7 18. Bf1 {½-½ (127) Yu,Y (2675)-Anton Guijarro,D (2631) Dubai 2014}) 11. Qd2 Bb7 12. Rad1 Rac8 $146 {White has an edge.} ({Predecessor:} 12... a6 13. dxe5 dxe5 14. Bh6 Nc5 15. Bxg7 Kxg7 16. Qe3 a5 17. Nh4 h6 18. g3 {½-½ (31) Stratil,L (2356)-Karlik,V (2332) Czechia 2003}) 13. Bh6 a6 14. dxe5 dxe5 15. Nh4 b5 16. Bxg7 Kxg7 17. Bg4 $36 {[%cal Rg4d7][%mdl 2048] Black is under pressure.} Nxg4 18. hxg4 Rcd8 19. Qe3 Rfe8 20. g3 h6 (20... b4 $5 {[%cal Rb4c3]} 21. Nb1 c5 $15) 21. Kg2 Qb6 22. Qc1 b4 {[#]} (22... Nc5 $11) 23. Rd6 $1 $16 {White threatens Nf5+! and mate.} Rh8 $2 {[#]} ({Worse is} 23... bxc3 {[#]} 24. Nf5+ $1 {[%mdl 512]} Kg8 25. Qxh6 gxf5 26. Rh1 Qxf2+ 27. Kxf2 f6 28. Qh8+ Kf7 29. Rh7+ Kg6 30. Qg7#) (23... Re6 $16 24. Nd5 cxd5 25. Rxb6 Nxb6) 24. Nd5 $1 $18 {[%cal Rd5b6][%mdl 512]} cxd5 25. Rxb6 Nxb6 26. Qe3 Nxa4 $2 (26... Nc4 $16 {is a better defense.} 27. Qc5 Ba8) 27. g5 {And now gxh6+ would win.} h5 28. Qb3 (28. Ra1 $142) 28... Bc6 $2 (28... Nc5 29. Qxb4 Rc8 30. exd5 Bxd5+ 31. Kf1 Rhe8) 29. Qxb4 {Threatens to win with Qe7.White is clearly winning.} dxe4 30. Kh2 Rd4 (30... Rhe8 $142 31. b3 Bb5 32. bxa4 Rd4) 31. Qe7 {Accuracy: White = 55%, Black = 29%.} 1-0

[Event "ISR-chT 2019"]
[Site "Israel"]
[Date "2019.05.05"]
[Round "11.11"]
[White "Sidorenko, Ilya"]
[Black "Livshits, Gaby"]
[Result "0-1"]
[WhiteElo "2400"]
[BlackElo "2452"]
[Annotator "TA"]
[PlyCount "36"]
[EventDate "2019.01.04"]
[EventType "team-tourn"]
[EventCountry "ISR"]
[SourceTitle "playchess.com"]
[Source "ChessBase"]
[SourceQuality "1"]

{[%evp 9,57,68,61,59,59,56,42,54,94,25,26,0,0,0,0,0,0,-17,-20,-15,-35,-163,-173,-185,-198,-359,-364,-671,-672,-663,-662,-608,-483,-464,-485,-466,-473,-437,-431,-470,-445,-416,-432,-670,-656,-884,-894,-1343,-1256,-2562]} 1. e4 c5 2. Nf3 g6 3. d4 Bg7 4. dxc5 Qa5+ 5. c3 Qxc5 6. Na3 {B27: Sicilian: 2 Nf3, unusual Black 2nd moves} d6 (6... Nf6 7. Be3 Qa5 8. Nc4 Qc7 9. e5 Ng4 10. Bf4 b5 11. Ne3 Nxe3 12. fxe3 e6 13. Bxb5 Qb6 {½-½ (32) Nepomniachtchi,I (2705)-Guseinov,G (2649) Ashdod 2015}) 7. Nb5 {Threatens to win with Be3.} Qc6 8. Be3 {White is slightly better.} Bd7 9. Nxa7 (9. Qb3 $16) 9... Qxe4 $11 {Strongly threatening ...Rxa7.} 10. Ng5 Qa4 $146 ({Predecessor:} 10... Qe5 11. Qb3 Rxa7 12. Nxf7 Qe4 13. Ng5 Qf5 {1-0 (28) Bellini,F (2502)-Kanep,M (2452) Moscow 2004}) 11. Qd5 Nh6 12. Qxb7 O-O $1 13. Qxa8 Bc6 $1 {[%cal Rc6a8]} 14. Bb5 Bxb5 15. Qe4 {[#]} (15. Qb7 $15 Ba6 16. Qe4 (16. Qxe7 $2 Qc2 $19)) 15... Bc4 $1 $19 16. Qh4 ({But not} 16. Qxe7 $2 Qc2 $19) 16... d5 {Hoping for ...Qc2.} 17. f3 $2 {[#]} (17. Kd2 {was the only defense.} d4 18. Bxd4) 17... Qc2 $1 {[%csl Gc4][%cal Rc2e2][%mdl 576] Double Attack} 18. Bd2 $2 (18. Qf2 Bxc3+ 19. bxc3 Qxc3+ {[%mdl 64] Double Attack} 20. Kd1 Qxa1+ {[%mdl 64] Double Attack} 21. Bc1) 18... Rd8 {Played: Qc2xb2} 0-1